<?xml version="1.0" encoding="UTF-8"?>
<record
    xmlns:xsi="http://www.w3.org/2001/XMLSchema-instance"
    xsi:schemaLocation="http://www.loc.gov/MARC21/slim http://www.loc.gov/standards/marcxml/schema/MARC21slim.xsd"
    xmlns="http://www.loc.gov/MARC21/slim">

  <leader>01260aab a2200217   4500</leader>
  <controlfield tag="001">768714001</controlfield>
  <controlfield tag="003">CO-MdFUSB</controlfield>
  <controlfield tag="005">20240614164923.0</controlfield>
  <controlfield tag="008">170524s2001    cr ||||| |||| 00| 0 spa d</controlfield>
  <datafield tag="022" ind1=" " ind2=" ">
    <subfield code="a">1409-1968</subfield>
  </datafield>
  <datafield tag="040" ind1=" " ind2=" ">
    <subfield code="a">CO-MdFUSB</subfield>
    <subfield code="b">spa</subfield>
    <subfield code="c">CO-MdFUSB</subfield>
    <subfield code="d">CO-MdFUSB</subfield>
  </datafield>
  <datafield tag="041" ind1=" " ind2=" ">
    <subfield code="a">spa</subfield>
  </datafield>
  <datafield tag="100" ind1="1" ind2=" ">
    <subfield code="a">Contreras, Seraf&#xED;n</subfield>
    <subfield code="e">autor</subfield>
  </datafield>
  <datafield tag="245" ind1="1" ind2="0">
    <subfield code="a">&#xBF;Qu&#xE9; direcci&#xF3;n ha tomado? : </subfield>
    <subfield code="b">&#xBF;es usted un l&#xED;der moabita o abrah&#xE1;mico?</subfield>
    <subfield code="c">/ Seraf&#xED;n Contreras</subfield>
  </datafield>
  <datafield tag="300" ind1=" " ind2=" ">
    <subfield code="a">Volumen 18. N&#xFA;mero 3 (2001), p&#xE1;ginas 37-40</subfield>
    <subfield code="c">: 27 cm.</subfield>
  </datafield>
  <datafield tag="520" ind1=" " ind2=" ">
    <subfield code="a">Los l&#xED;deres existimos para guiar y dejarnos guiar. Especialmente para ser guiados por el Esp&#xED;ritu Santo, aunque predicamos y ense&#xF1;amos acerca de ser guiados por el Esp&#xED;ritu Santo, cuando llega el momento de ser guiados por &#xE9;l nos parece cuesta arriba y has no discernimos que es el Esp&#xED;ritu Santo nos est&#xE1; guiando. Por lo regular la direcci&#xF3;n del Esp&#xED;ritu Santo nos introduce en cambios, giros inesperados y creaci&#xF3;n de nuevos escenarios. Existen dos tipo de l&#xED;deres que se diferencian por su reacci&#xF3;n a la  direcci&#xF3;n del Esp&#xED;ritu Santo.</subfield>
  </datafield>
  <datafield tag="650" ind1=" " ind2="0">
    <subfield code="a">Liderazgo</subfield>
    <subfield code="9">2014</subfield>
  </datafield>
  <datafield tag="773" ind1="0" ind2=" ">
    <subfield code="t">Apuntes Pastorales</subfield>
    <subfield code="0">49442</subfield>
    <subfield code="9">60161</subfield>
    <subfield code="g">Volumen 18. N&#xFA;mero 3 (2001), p&#xE1;ginas 37-40</subfield>
    <subfield code="q">P&#xE1;gina 37</subfield>
  </datafield>
  <datafield tag="942" ind1=" " ind2=" ">
    <subfield code="c">ANA</subfield>
  </datafield>
  <datafield tag="945" ind1=" " ind2=" ">
    <subfield code="a">JTF-925</subfield>
  </datafield>
  <datafield tag="999" ind1=" " ind2=" ">
    <subfield code="c">60207</subfield>
    <subfield code="d">60207</subfield>
  </datafield>
</record>
